[Event "CYCC U12"]
[Site "Ottawa CAN"]
[Date "2007.07.03"]
[Round "1"]
[White "Venner, John"]
[Black "Li, Ruokai (David)"]
[Result "0-1"]
[WhiteElo "784"]
[BlackElo "958"]
[PlyCount "58"]
[GameId "2160767910650841"]
[EventDate "2007.07.03"]
[EventType "swiss"]
[EventRounds "7"]
[EventCountry "CAN"]

1. e4 e6 2. d4 d5 3. exd5 exd5 4. Nc3 c6 5. Nf3 Bd6 6. Bd3 Ne7 7. h3 Bf5 8. Bxf5 Nxf5 9. O-O O-O 10. Re1 Nd7 11. a3 Qc7 12. Re2 Nb6 13. Ne5 Rfe8 14. Bf4 Re7 15. Qe1 Rae8 16. g3 Nxd4 17. Rd2 Rxe5 18. Bxe5 Nf3+ 19. Kf1 Nxe1 20. Rxe1 Rxe5 21. Rde2 f6 22. f4 Rxe2 23. Rxe2 Kf7 24. f5 Bxg3 25. Re6 Qf4+ 26. Ke2 Qxf5 27. Re3 Qf2+ 28. Kd3 Nc4 29. Na4 Qxe3# 0-1

[Event "CYCC U12"]
[Site "Ottawa CAN"]
[Date "2007.07.03"]
[Round "2"]
[White "Chartrand, Maxime"]
[Black "Seguin, Ryan"]
[Result "0-1"]
[WhiteElo "899"]
[BlackElo "1323"]
[PlyCount "60"]
[GameId "2160767910650842"]
[EventDate "2007.07.03"]
[EventType "swiss"]
[EventRounds "7"]
[EventCountry "CAN"]
[SourceTitle "EXT 2022"]
[Source "ChessBase"]
[SourceDate "2021.10.06"]
[SourceVersion "1"]
[SourceVersionDate "2021.10.06"]
[SourceQuality "1"]

1. e4 e5 2. Nf3 Nc6 3. Bc4 Nf6 4. d3 d5 5. exd5 Nxd5 6. Bxd5 Qxd5 7. Nc3 Qd8 8. O-O Bd6 9. Be3 O-O 10. Nd5 f5 11. Bg5 Qd7 12. Qe2 h6 13. Bh4 g5 14. Bg3 f4 15. Nd2 fxg3 16. hxg3 Nd4 17. Nc4 Nxe2+ 18. Kh1 c6 19. Nde3 Bc5 20. Nd1 Nxg3+ 21. Kg1 Qe6 22. b4 Ne2+ 23. Kh1 Bxb4 24. c3 Nxc3 25. Nde3 Bc5 26. Rac1 Bxe3 27. fxe3 Rxf1+ 28. Kh2 Rxc1 29. d4 exd4 30. exd4 Ne2 0-1

[Event "CYCC U12"]
[Site "Ottawa CAN"]
[Date "2007.07.03"]
[Round "2"]
[White "Constantinescu, Vlad"]
[Black "Inigo, Aquino"]
[Result "1-0"]
[WhiteElo "1629"]
[BlackElo "1995"]
[PlyCount "171"]
[GameId "2160767910650843"]
[EventDate "2007.07.03"]
[EventType "swiss"]
[EventRounds "7"]
[EventCountry "CAN"]
[SourceTitle "EXT 2022"]
[Source "ChessBase"]
[SourceDate "2021.10.06"]
[SourceVersion "1"]
[SourceVersionDate "2021.10.06"]
[SourceQuality "1"]

1. e4 e6 2. d4 d5 3. exd5 exd5 4. Bd3 Nc6 5. c3 Bd6 6. Ne2 Qh4 7. Be3 Bg4 8. Nd2 O-O-O 9. Qb3 Nf6 10. O-O-O Rhe8 11. Rde1 Bd7 12. h3 Ne4 13. Nf3 Qe7 14. Qxd5 Nf6 15. Qb3 Na5 16. Qc2 Nd5 17. Bd2 Qf8 18. a3 Nb6 19. Bf5 Bxf5 20. Qxf5+ Kb8 21. Qxa5 Be7 22. Qf5 Nc4 23. Kb1 c6 24. Nc1 Ka8 25. Qd3 b5 26. Ne5 Nxe5 27. Rxe5 Bd6 28. Rxe8 Qxe8 29. Re1 Qd7 30. Qe4 a5 31. Nd3 Kb7 32. Bf4 Bf8 33. Ne5 Qe6 34. g4 Re8 35. Qd3 Qb3 36. c4 Qa4 37. cxb5 Qxb5 38. Qc3 Bd6 39. Bg3 f6 40. Nf3 Rxe1+ 41. Nxe1 Bxg3 42. fxg3 Qe2 43. h4 Qxg4 44. Nd3 Qd1+ 45. Ka2 a4 46. Nc5+ Kc8 47. Qb4 Qg4 48. Qb7+ Kd8 49. Qxc6 Ke7 50. Qc7+ Ke8 51. Qc6+ Kd8 52. Qxa4 Ke7 53. Qa7+ Ke8 54. Qb8+ Kf7 55. Qc7+ Kg6 56. Qf4 Qd1 57. g4 h6 58. Ne4 Qe2 59. Qf5+ Kf7 60. Nd6+ Kg8 61. Qd5+ Kh8 62. h5 Qxg4 63. Qe4 Qxh5 64. Qe8+ Qxe8 65. Nxe8 h5 66. d5 Kg8 67. d6 Kf7 68. d7 Ke7 69. Nxg7 Kxd7 70. Nxh5 f5 71. b4 Kc6 72. Kb3 Kb5 73. a4+ Kb6 74. Kc4 Ka6 75. a5 Ka7 76. b5 Kb7 77. Kc5 Ka7 78. a6 Kb8 79. b6 Ka8 80. Kc6 f4 81. Nxf4 Kb8 82. b7 Ka7 83. Kc7 Kxa6 84. b8=Q Ka5 85. Nd3 Ka4 86. Qb4# 1-0

[Event "CYCC U12"]
[Site "Ottawa CAN"]
[Date "2007.07.03"]
[Round "2"]
[White "Florea, Alexandru"]
[Black "Qin, Zi Yi (Joey)"]
[Result "1/2-1/2"]
[WhiteElo "1781"]
[BlackElo "2089"]
[PlyCount "149"]
[GameId "2160767910650845"]
[EventDate "2007.07.03"]
[EventType "swiss"]
[EventRounds "7"]
[EventCountry "CAN"]

1. e4 c5 2. f4 Nc6 3. Nf3 g6 4. g3 Bg7 5. Bg2 d6 6. O-O e6 7. Nc3 Nge7 8. d3 O-O 9. Re1 Nd4 10. e5 Nxf3+ 11. Bxf3 d5 12. Kh1 Bd7 13. Bd2 b5 14. a3 a5 15. Ne2 b4 16. axb4 axb4 17. Rxa8 Qxa8 18. d4 Qc6 19. Be3 c4 20. Qd2 Rb8 21. Ra1 Qb7 22. b3 c3 23. Qc1 Ra8 24. Qb1 Bb5 25. Ra2 Nc6 26. Qa1 Rxa2 27. Qxa2 Qa6 28. Qxa6 Bxa6 29. Nc1 Bf8 30. Kg2 Be7 31. h4 Bd8 32. Be2 Bxe2 33. Nxe2 Na7 34. Nc1 Nb5 35. Nd3 Ba5 36. Kf1 Na3 37. Ne1 Kf8 38. Ke2 Ke7 39. Kd3 h5 40. Nf3 Nb5 41. Nh2 Nc7 42. g4 hxg4 43. Nxg4 Ne8 44. Nh2 Ng7 45. Nf3 Nf5 46. Ke2 Kf8 47. Bf2 Kg7 48. Kd3 Bd8 49. Ng5 Ne7 50. Ke2 Nc6 51. Kd3 Nb8 52. Ke2 Be7 53. Kd3 Nc6 54. Ke2 Nd8 55. Kf3 Kh6 56. Kg4 Bxg5 57. hxg5+ Kg7 58. Kf3 Nc6 59. Ke2 Na7 60. Kf3 Nb5 61. Ke2 Kf8 62. Bg1 Na3 63. Kd3 Nb1 64. Be3 Na3 65. Bg1 Nb5 66. Ke2 Na7 67. Kf3 Nc6 68. Ke2 Ne7 69. Kf3 Nf5 70. Bf2 Kg8 71. Ke2 f6 72. exf6 Kf7 73. Kf3 Nd6 74. Be3 Ne4 75. Ke2 1/2-1/2

[Event "CYCC U12"]
[Site "Ottawa CAN"]
[Date "2007.07.03"]
[Round "2"]
[White "Gladstone, Simon"]
[Black "Wang, Harris"]
[Result "1/2-1/2"]
[WhiteElo "1848"]
[BlackElo "1645"]
[PlyCount "137"]
[GameId "2160767910650846"]
[EventDate "2007.07.03"]
[EventType "swiss"]
[EventRounds "7"]
[EventCountry "CAN"]
[SourceTitle "EXT 2022"]
[Source "ChessBase"]
[SourceDate "2021.10.06"]
[SourceVersion "1"]
[SourceVersionDate "2021.10.06"]
[SourceQuality "1"]

1. e4 c5 2. Nf3 d6 3. d4 cxd4 4. Nxd4 Nf6 5. Nc3 g6 6. f3 Bg7 7. Be3 Nc6 8. Qd2 Bd7 9. O-O-O O-O 10. Be2 Rc8 11. g4 a6 12. h4 b5 13. g5 Nh5 14. Rdg1 b4 15. Nd1 Qa5 16. Kb1 Nxd4 17. Bxd4 Bb5 18. Bxg7 Kxg7 19. Bxb5 Qxb5 20. c3 a5 21. cxb4 axb4 22. Ne3 Rfe8 23. Rc1 b3 24. a3 Qb7 25. Rxc8 Rxc8 26. Rc1 Rxc1+ 27. Qxc1 Qb5 28. Qc4 Qxc4 29. Nxc4 Nf4 30. a4 Nd3 31. a5 Nc5 32. Nd2 Kf8 33. Nc4 Ke8 34. Ne3 e6 35. Kc1 Kd7 36. Kd2 Kc6 37. Ng4 Kb5 38. Nf6 Kxa5 39. Kc3 Kb5 40. Nxh7 Kc6 41. Nf6 Kc7 42. Kc4 Kc6 43. Ng4 d5+ 44. exd5+ exd5+ 45. Kb4 Kd6 46. Nh6 Ne6 47. Nxf7+ Ke7 48. Ne5 Nd4 49. Nxg6+ Kf7 50. Ne5+ Ke6 51. f4 Kf5 52. h5 Ne6 53. h6 Nf8 54. g6 Nxg6 55. Nxg6 Kxg6 56. f5+ Kxh6 57. Kxb3 Kg5 58. Kc3 Kxf5 59. Kd4 Ke6 60. b4 Kd6 61. b5 Kc7 62. Kxd5 Kb6 63. Kc4 Kb7 64. Kc5 Kc7 65. b6+ Kb7 66. Kb5 Kb8 67. Kc6 Kc8 68. b7+ Kb8 69. Kb6 1/2-1/2

[Event "CYCC U12"]
[Site "Ottawa CAN"]
[Date "2007.07.03"]
[Round "2"]
[White "Gusev, Nikita"]
[Black "Li, Changhe"]
[Result "1-0"]
[WhiteElo "2032"]
[BlackElo "1807"]
[PlyCount "135"]
[GameId "2160767910650847"]
[EventDate "2007.07.03"]
[EventType "swiss"]
[EventRounds "7"]
[EventCountry "CAN"]
[SourceTitle "EXT 2022"]
[Source "ChessBase"]
[SourceDate "2021.10.06"]
[SourceVersion "1"]
[SourceVersionDate "2021.10.06"]
[SourceQuality "1"]

1. e4 c5 2. Nf3 e6 3. d4 cxd4 4. Nxd4 a6 5. Nc3 Qc7 6. Be2 Be7 7. O-O Nf6 8. Be3 d6 9. a4 b6 10. f4 Nbd7 11. Bf3 Bb7 12. Qe1 O-O 13. Kh1 Rad8 14. f5 e5 15. Nb3 Nc5 16. Nxc5 dxc5 17. g4 Ne8 18. Qg3 f6 19. Rad1 Nd6 20. Rde1 b5 21. Bc1 b4 22. Nd5 Bxd5 23. exd5 Nf7 24. b3 Bd6 25. Be4 Be7 26. c4 Nd6 27. Bc2 Rf7 28. Rf3 Re8 29. h4 Kh8 30. Be4 Rg8 31. g5 Nxe4 32. Rxe4 Rff8 33. g6 h6 34. Rd3 Rd8 35. Qg4 Bf8 36. Qh5 Rd6 37. Rde3 Rd7 38. Re2 Qd6 39. Bb2 Re7 40. Bc1 Rd7 41. R2e3 Re7 42. Bb2 Re8 43. Qe2 Re7 44. Kg2 Re8 45. Qf3 Re7 46. Re2 Re8 47. Qe3 Re7 48. Bxe5 Rxe5 49. Rxe5 fxe5 50. Qxe5 Qxe5 51. Rxe5 Bd6 52. Re6 Rd8 53. Kf3 Kg8 54. Kg4 a5 55. h5 Kf8 56. f6 gxf6 57. Rxf6+ Kg8 58. Kf5 Bf8 59. Re6 Bd6 60. Rf6 Bf8 61. Ra6 Rd7 62. Rxa5 Re7 63. Ra8 Re3 64. a5 Rxb3 65. a6 Ra3 66. d6 b3 67. d7 b2 68. Rxf8+ 1-0

[Event "CYCC U12"]
[Site "Ottawa CAN"]
[Date "2007.07.03"]
[Round "2"]
[White "Gustafson, Blake"]
[Black "Gagnon, Justin"]
[Result "0-1"]
[WhiteElo "1153"]
[BlackElo "1469"]
[PlyCount "122"]
[GameId "2160767910650848"]
[EventDate "2007.07.03"]
[EventType "swiss"]
[EventRounds "7"]
[EventCountry "CAN"]
[SourceTitle "EXT 2022"]
[Source "ChessBase"]
[SourceDate "2021.10.06"]
[SourceVersion "1"]
[SourceVersionDate "2021.10.06"]
[SourceQuality "1"]

1. e4 c6 2. d4 d5 3. e5 f6 4. Nf3 Bg4 5. Be2 Nd7 6. h3 Bxf3 7. Bxf3 fxe5 8. Qd3 e4 9. Bh5+ g6 10. Bxg6+ hxg6 11. Qg3 Qb6 12. Qxg6+ Kd8 13. c3 c5 14. Qg5 cxd4 15. Qxd5 dxc3 16. Nxc3 Ngf6 17. Qc4 Rc8 18. Qb5 Qxb5 19. Nxb5 a6 20. Nc3 Bh6 21. O-O Bxc1 22. Rfxc1 e6 23. a4 Nd5 24. Nxe4 Rxc1+ 25. Rxc1 N5f6 26. Nd6 Ke7 27. Nxb7 Rb8 28. Nc5 Rxb2 29. Nxa6 Ra2 30. Rc4 Nb6 31. Rb4 Nxa4 32. Rb7+ Nd7 33. Ra7 Nac5 34. h4 Rxa6 35. Rxa6 Nxa6 36. h5 Kf6 37. g4 Kg5 38. f3 Nf6 39. Kg2 Nc5 40. Kg3 Nd3 41. Kh3 Nf4+ 42. Kg3 N6xh5+ 43. gxh5 Nxh5+ 44. Kf2 Kf4 45. Ke2 Nf6 46. Kf2 Nh7 47. Ke2 Ng5 48. Kd3 Nxf3 49. Ke2 e5 50. Kf2 Ke4 51. Ke2 Nd4+ 52. Kd2 Kf3 53. Kd3 e4+ 54. Kd2 Kf2 55. Kd1 e3 56. Kc1 e2 57. Kb2 e1=Q 58. Ka2 Qa5+ 59. Kb2 Qb4+ 60. Ka2 Qb3+ 61. Ka1 Nc2# 0-1

[Event "CYCC U12"]
[Site "Ottawa CAN"]
[Date "2007.07.03"]
[Round "2"]
[White "Han, Yiming"]
[Black "Chan, Alex H"]
[Result "1-0"]
[WhiteElo "1904"]
[BlackElo "1675"]
[PlyCount "79"]
[GameId "2160767910650849"]
[EventDate "2007.07.03"]
[EventType "swiss"]
[EventRounds "7"]
[EventCountry "CAN"]
[SourceTitle "EXT 2022"]
[Source "ChessBase"]
[SourceDate "2021.10.06"]
[SourceVersion "1"]
[SourceVersionDate "2021.10.06"]
[SourceQuality "1"]

1. e4 e5 2. Nf3 Nc6 3. Nc3 Nf6 4. d4 exd4 5. Nxd4 Bb4 6. Nxc6 bxc6 7. Bd3 O-O 8. O-O d6 9. Bg5 h6 10. Bh4 Bxc3 11. bxc3 Qe7 12. Qf3 Qe6 13. Qe2 Qg4 14. Qxg4 Bxg4 15. h3 Be6 16. f4 Bd7 17. Rab1 Rab8 18. Bf2 a5 19. c4 d5 20. e5 dxc4 21. Bxc4 Ne4 22. Be3 Nc3 23. Rb3 Nd5 24. Bc5 Rfe8 25. Rd3 Bf5 26. Rd2 Nb6 27. Be2 Nd5 28. Bf3 Red8 29. Rfd1 Rdc8 30. g4 Bh7 31. f5 Nc3 32. Ra1 Rb5 33. Bd4 Nd5 34. c4 Rbb8 35. cxd5 cxd5 36. Bxd5 Rd8 37. Bb3 Rb5 38. Rad1 g6 39. e6 fxe6 40. Bxe6+ 1-0

[Event "CYCC U12"]
[Site "Ottawa CAN"]
[Date "2007.07.03"]
[Round "2"]
[White "Itkin, David"]
[Black "Michaelis, Nathaniel"]
[Result "1-0"]
[WhiteElo "1482"]
[BlackElo "1195"]
[PlyCount "51"]
[GameId "2160767910650850"]
[EventDate "2007.07.03"]
[EventType "swiss"]
[EventRounds "7"]
[EventCountry "CAN"]
[SourceTitle "EXT 2022"]
[Source "ChessBase"]
[SourceDate "2021.10.06"]
[SourceVersion "1"]
[SourceVersionDate "2021.10.06"]
[SourceQuality "1"]

1. e4 c5 2. Nf3 Nc6 3. d4 cxd4 4. Nxd4 Nf6 5. Nc3 e5 6. Ndb5 d6 7. Bg5 a6 8. Na3 b5 9. Nd5 Be7 10. Nxe7 Qxe7 11. Bd3 O-O 12. c4 b4 13. Nc2 h6 14. Bh4 Qd8 15. Ne3 Nd4 16. Nd5 Re8 17. Nxf6+ gxf6 18. O-O Kh8 19. Qh5 Kg7 20. Rae1 Qd7 21. Re3 Rg8 22. Rg3+ Kh7 23. Rxg8 Kxg8 24. Bxf6 Kf8 25. Qxh6+ Ke8 26. Qh8# 1-0

[Event "CYCC U12"]
[Site "Ottawa CAN"]
[Date "2007.07.03"]
[Round "2"]
[White "Kaminski, Thomas"]
[Black "Dragan, Cristian"]
[Result "0-1"]
[WhiteElo "1982"]
[BlackElo "1708"]
[PlyCount "67"]
[GameId "2160767910650851"]
[EventDate "2007.07.03"]
[EventType "swiss"]
[EventRounds "7"]
[EventCountry "CAN"]
[SourceTitle "EXT 2022"]
[Source "ChessBase"]
[SourceDate "2021.10.06"]
[SourceVersion "1"]
[SourceVersionDate "2021.10.06"]
[SourceQuality "1"]

1. e4 e6 2. d4 d5 3. Nd2 Be7 4. Ngf3 Nf6 5. e5 Nfd7 6. Bd3 c5 7. c3 Nc6 8. O-O O-O 9. a3 b6 10. b4 c4 11. Bc2 Bb7 12. Ne1 f6 13. f4 f5 14. g4 g6 15. Ng2 Rf7 16. Qf3 Qf8 17. Kh1 Kh8 18. Ne3 Nd8 19. Ba4 Nb8 20. Qg3 Bc6 21. Bc2 Nd7 22. Nf3 g5 23. gxf5 exf5 24. Nxg5 Bxg5 25. Qxg5 Ne6 26. Qh5 Ng7 27. Qh6 Bb7 28. Rg1 Re8 29. Qh3 b5 30. Rg6 Bc8 31. Rh6 Qg8 32. Bd2 Nf8 33. Rg1 Be6 34. Qh4 0-1

[Event "CYCC U12"]
[Site "Ottawa CAN"]
[Date "2007.07.03"]
[Round "2"]
[White "Lampi, Billy"]
[Black "Lepine, Cedric"]
[Result "0-1"]
[WhiteElo "1181"]
[BlackElo "1516"]
[PlyCount "54"]
[GameId "2160767910650853"]
[EventDate "2007.07.03"]
[EventType "swiss"]
[EventRounds "7"]
[EventCountry "CAN"]
[SourceTitle "EXT 2022"]
[Source "ChessBase"]
[SourceDate "2021.10.06"]
[SourceVersion "1"]
[SourceVersionDate "2021.10.06"]
[SourceQuality "1"]

1. e4 e5 2. Bc4 Nf6 3. Bb3 Bc5 4. Qe2 O-O 5. d3 h6 6. Be3 Bb6 7. Bd2 d6 8. Nf3 Bg4 9. h3 Bh5 10. g4 Bg6 11. Ng5 hxg5 12. Bxg5 Nc6 13. d4 Nxd4 14. Qd3 Bxe4 15. Qc4 Bxh1 16. Nc3 Nf3+ 17. Ke2 Bg2 18. Nd5 Nxg5 19. Ne3 Bxh3 20. Rh1 Nfe4 21. Nf5 Bxg4+ 22. f3 Bxf3+ 23. Kd3 Bxh1 24. Qd5 Nc5+ 25. Kc4 Bxd5+ 26. Kxd5 Qf6 27. c3 Qe6# 0-1

[Event "CYCC U12"]
[Site "Ottawa CAN"]
[Date "2007.07.03"]
[Round "2"]
[White "Marcotte, Neil"]
[Black "Cheng, Jack"]
[Result "0-1"]
[WhiteElo "1230"]
[BlackElo "1843"]
[PlyCount "120"]
[GameId "2160767910650855"]
[EventDate "2007.07.03"]
[EventType "swiss"]
[EventRounds "7"]
[EventCountry "CAN"]
[SourceTitle "EXT 2022"]
[Source "ChessBase"]
[SourceDate "2021.10.06"]
[SourceVersion "1"]
[SourceVersionDate "2021.10.06"]
[SourceQuality "1"]

1. e4 e5 2. Nf3 Nc6 3. Bc4 Nf6 4. d4 exd4 5. e5 d5 6. Bb5 Ne4 7. Nxd4 Bd7 8. Bxc6 bxc6 9. O-O Bc5 10. Nc3 Nxc3 11. bxc3 O-O 12. Rb1 Re8 13. Re1 Bb6 14. Bd2 c5 15. Nb5 a6 16. Na3 c4 17. Qf3 Qe7 18. Qg3 Qxa3 19. Bh6 Qf8 20. Re3 Bxe3 21. fxe3 Kh8 22. Rf1 Re6 23. Bf4 Rg6 24. Qh4 Qd8 25. Qxd8+ Rxd8 26. Bg3 Kg8 27. Bh4 Rb8 28. Bg3 Rb2 29. Rf2 Rb1+ 30. Rf1 Rxf1+ 31. Kxf1 Bf5 32. Ke2 Bxc2 33. Kd2 Rxg3 34. hxg3 Be4 35. a4 Bxg2 36. Kc2 Kf8 37. Kb2 Ke7 38. Ka3 c5 39. Kb2 Ke6 40. a5 Kxe5 41. Kc2 d4 42. e4 Bxe4+ 43. Kd2 dxc3+ 44. Kxc3 Bd3 45. Kd2 Kd4 46. Kc1 c3 47. g4 c2 48. g5 Bg6 49. Kd2 Kc4 50. Kc1 Kb3 51. Kd2 Kb2 52. Ke3 c1=Q+ 53. Kf3 Qxg5 54. Ke2 Kc2 55. Kf3 Kd2 56. Kf2 Qe3+ 57. Kf1 Qe2+ 58. Kg1 c4 59. Kh1 Be4+ 60. Kg1 Qg2# 0-1

[Event "CYCC U12"]
[Site "Ottawa CAN"]
[Date "2007.07.03"]
[Round "2"]
[White "Nunez-Painchaud, Raphael"]
[Black "Tyagi, Karthikay"]
[Result "1-0"]
[WhiteElo "1468"]
[BlackElo "1156"]
[PlyCount "99"]
[GameId "2160767910650856"]
[EventDate "2007.07.03"]
[EventType "swiss"]
[EventRounds "7"]
[EventCountry "CAN"]
[SourceTitle "EXT 2022"]
[Source "ChessBase"]
[SourceDate "2021.10.06"]
[SourceVersion "1"]
[SourceVersionDate "2021.10.06"]
[SourceQuality "1"]

1. c4 g6 2. g3 Bg7 3. Bg2 d6 4. Nc3 Nf6 5. Nf3 O-O 6. O-O c6 7. d3 d5 8. cxd5 cxd5 9. Bd2 Nc6 10. Rb1 a6 11. Qc2 d4 12. Nd1 e5 13. b4 Bd7 14. Nb2 Re8 15. Nc4 e4 16. dxe4 Nxe4 17. Bf4 Nc3 18. Rbe1 Nxb4 19. Qb3 Ba4 20. Qxb4 Bb5 21. Nd6 Nxe2+ 22. Kh1 Nxf4 23. Nxe8 Bxf1 24. Bxf1 Ne6 25. Nxg7 Kxg7 26. Bc4 Qd7 27. Bxe6 fxe6 28. Qxd4+ Qxd4 29. Nxd4 Re8 30. Rxe6 Rxe6 31. Nxe6+ Kf6 32. Nc5 Ke5 33. Nxb7 Kd4 34. g4 Kc3 35. f4 Kd4 36. Kg2 Ke4 37. Kg3 Kd3 38. f5 Ke4 39. f6 Kd5 40. f7 Kc6 41. f8=Q Kxb7 42. Qd6 Ka7 43. Qc6 g5 44. a4 a5 45. Qb5 h6 46. Kf3 Ka8 47. Ke4 Ka7 48. Kd5 Ka8 49. Kc6 Ka7 50. Qb7# 1-0

[Event "CYCC U12"]
[Site "Ottawa CAN"]
[Date "2007.07.03"]
[Round "2"]
[White "Passador, Stephen"]
[Black "Han, Yifei"]
[Result "0-1"]
[WhiteElo "1239"]
[BlackElo "1854"]
[PlyCount "88"]
[GameId "2160767910650857"]
[EventDate "2007.07.03"]
[EventType "swiss"]
[EventRounds "7"]
[EventCountry "CAN"]
[SourceTitle "EXT 2022"]
[Source "ChessBase"]
[SourceDate "2021.10.06"]
[SourceVersion "1"]
[SourceVersionDate "2021.10.06"]
[SourceQuality "1"]

1. d4 d5 2. Nc3 e6 3. g3 Nf6 4. Bg2 Bb4 5. Bd2 b6 6. a3 Bxc3 7. Bxc3 Nbd7 8. Bd2 c5 9. c4 Bb7 10. dxc5 Nxc5 11. b4 dxc4 12. Nf3 Nb3 13. Ra2 Ne4 14. O-O Bd5 15. Ne5 Nexd2 16. Bxd5 Qxd5 17. Nf3 Nxf1 18. Qxd5 exd5 19. Kxf1 O-O 20. a4 Rfe8 21. a5 b5 22. Nd2 Nc1 23. Rc2 Nxe2 24. Nf3 d4 25. Rxe2 d3 26. Rd2 Re4 27. h4 Rae8 28. Kg2 Re2 29. Rd1 Rb2 30. Nd4 a6 31. Nc6 Ree2 32. Nd4 Rxf2+ 33. Kg1 Rg2+ 34. Kh1 Rxg3 35. Re1 h6 36. Nf5 Rh3+ 37. Kg1 Rf3 38. Ne7+ Kh7 39. Nd5 Re2 40. Ra1 d2 41. Nc7 Re1+ 42. Rxe1 dxe1=Q+ 43. Kg2 Qg3+ 44. Kh1 Rf1# 0-1

[Event "CYCC U12"]
[Site "Ottawa CAN"]
[Date "2007.07.03"]
[Round "2"]
[White "Tan, Guang Tong"]
[Black "Hughes, Ben"]
[Result "1-0"]
[WhiteElo "1392"]
[BlackElo "870"]
[PlyCount "61"]
[GameId "2160767910650858"]
[EventDate "2007.07.03"]
[EventType "swiss"]
[EventRounds "7"]
[EventCountry "CAN"]
[SourceTitle "EXT 2022"]
[Source "ChessBase"]
[SourceDate "2021.10.06"]
[SourceVersion "1"]
[SourceVersionDate "2021.10.06"]
[SourceQuality "1"]

1. e4 Nf6 2. e5 Nd5 3. d4 e6 4. Nf3 Nc6 5. Be2 d6 6. O-O dxe5 7. dxe5 Bc5 8. c4 Nb6 9. Qxd8+ Kxd8 10. Bg5+ f6 11. exf6 gxf6 12. Bxf6+ Be7 13. Bxh8 e5 14. Nxe5 Nxe5 15. Bxe5 Be6 16. Rd1+ Kc8 17. b3 Nd7 18. Bb2 Nc5 19. Nc3 b6 20. Nb5 Kb7 21. Bf3+ c6 22. Nd6+ Bxd6 23. Rxd6 Bf5 24. Bxc6+ Kb8 25. Bxa8 Kxa8 26. Rf6 Be6 27. Re1 Bd7 28. Bd4 Nd3 29. Re7 Bg4 30. Rf8+ Bc8 31. Rxc8# 1-0

[Event "CYCC U12"]
[Site "Ottawa CAN"]
[Date "2007.07.03"]
[Round "2"]
[White "Xu, Jun Rui"]
[Black "Godreau, Kieran"]
[Result "1-0"]
[WhiteElo "1437"]
[BlackElo "1090"]
[PlyCount "123"]
[GameId "2160767910650859"]
[EventDate "2007.07.03"]
[EventType "swiss"]
[EventRounds "7"]
[EventCountry "CAN"]
[SourceTitle "EXT 2022"]
[Source "ChessBase"]
[SourceDate "2021.10.06"]
[SourceVersion "1"]
[SourceVersionDate "2021.10.06"]
[SourceQuality "1"]

1. d4 d6 2. c4 Bf5 3. Nc3 Nc6 4. Nf3 e5 5. dxe5 dxe5 6. Qxd8+ Rxd8 7. e4 Bg6 8. Bg5 f6 9. Be3 Nge7 10. Be2 Nc8 11. O-O Nd6 12. Bd3 Bf7 13. b3 Be6 14. Rfd1 f5 15. exf5 Bxf5 16. Bxf5 Nxf5 17. Rxd8+ Kxd8 18. Rd1+ Kc8 19. Bg5 Bb4 20. Nd5 Bc5 21. Nc3 h6 22. Bc1 Rd8 23. Re1 Bb4 24. Bb2 Rd3 25. Rc1 h5 26. Nd5 Ncd4 27. Nxd4 exd4 28. Nxb4 Rd2 29. Ba1 g5 30. Kf1 g4 31. Ke1 Rxf2 32. Kxf2 h4 33. Nd5 g3+ 34. hxg3 hxg3+ 35. Kf3 d3 36. Ne3 d2 37. Rd1 Nh4+ 38. Kxg3 Ng6 39. Rxd2 Ne7 40. Rd8+ Kxd8 41. Bf6 Kd7 42. Bxe7 Kxe7 43. Kf4 a5 44. g4 b6 45. Kf5 c5 46. Nd5+ Kd6 47. Nxb6 Kc6 48. Ke6 Kxb6 49. g5 a4 50. g6 axb3 51. axb3 Ka5 52. Kd5 Kb4 53. g7 Kxb3 54. Kxc5 Kb2 55. g8=Q Ka2 56. Kd4 Kb3 57. Qg3+ Kb4 58. Qb8+ Ka3 59. Kc3 Ka4 60. Qb5+ Ka3 61. Qb2+ Ka4 62. Qb4# 1-0

[Event "CYCC U12"]
[Site "Ottawa CAN"]
[Date "2007.07.04"]
[Round "3"]
[White "Chan, Alex H"]
[Black "Farrant-Diaz, Nathan"]
[Result "1/2-1/2"]
[WhiteElo "1675"]
[BlackElo "1311"]
[PlyCount "120"]
[GameId "2160767910650860"]
[EventDate "2007.07.03"]
[EventType "swiss"]
[EventRounds "7"]
[EventCountry "CAN"]
[SourceTitle "EXT 2022"]
[Source "ChessBase"]
[SourceDate "2021.10.06"]
[SourceVersion "1"]
[SourceVersionDate "2021.10.06"]
[SourceQuality "1"]

1. e4 c5 2. Nf3 e6 3. d4 cxd4 4. Nxd4 a6 5. Nc3 b5 6. Be3 Qb6 7. Qd2 Bc5 8. O-O-O Bb7 9. f3 Ne7 10. Qf2 Nbc6 11. Nf5 Bxe3+ 12. Qxe3 Qxe3+ 13. Nxe3 b4 14. Na4 a5 15. Nb6 Rb8 16. Nxd7 Rd8 17. Nc5 Ba8 18. Rxd8+ Kxd8 19. Bb5 Kc7 20. Nc4 Nd4 21. Na6+ Kb7 22. Nc5+ Ka7 23. Bd7 Bc6 24. Ne5 Kb6 25. Nxc6 Nexc6 26. Bxc6 Kxc5 27. Ba4 Rd8 28. Kb1 Ne2 29. Bb3 Rd2 30. a3 Nd4 31. Rg1 Nxb3 32. cxb3 e5 33. Kc1 Rf2 34. Kb1 f6 35. Kc1 g5 36. Kb1 h5 37. Rc1+ Kb6 38. Rc2 Rf1+ 39. Ka2 Rh1 40. h3 Rh2 41. Rd2 Kb7 42. Kb1 g4 43. hxg4 hxg4 44. fxg4 Rh4 45. Kc2 Rxg4 46. Kd3 Rg3+ 47. Kc4 Re3 48. Rf2 Rxe4+ 49. Kb5 Re3 50. Kxa5 bxa3 51. bxa3 Rxb3 52. Ka4 Rb6 53. Rf3 e4 54. Rb3 f5 55. Rxb6+ Kxb6 56. Kb4 f4 57. Kc4 Ka5 58. Kd4 e3 59. Kd3 Ka4 60. g4 fxg3 1/2-1/2

[Event "CYCC U12"]
[Site "Ottawa CAN"]
[Date "2007.07.04"]
[Round "3"]
[White "Cheng, Jack"]
[Black "Kaminski, Thomas"]
[Result "1/2-1/2"]
[WhiteElo "1843"]
[BlackElo "1982"]
[PlyCount "116"]
[GameId "2160767910650861"]
[EventDate "2007.07.03"]
[EventType "swiss"]
[EventRounds "7"]
[EventCountry "CAN"]
[SourceTitle "EXT 2022"]
[Source "ChessBase"]
[SourceDate "2021.10.06"]
[SourceVersion "1"]
[SourceVersionDate "2021.10.06"]
[SourceQuality "1"]

1. e4 c6 2. d4 d5 3. e5 Bf5 4. Nf3 e6 5. Be2 c5 6. O-O Nc6 7. c3 a6 8. Be3 Qc7 9. Nbd2 Be7 10. Ne1 cxd4 11. cxd4 Bg6 12. Rc1 f6 13. f4 Nh6 14. Bh5 Nf5 15. Bf2 Qd7 16. Nb3 O-O 17. Bxg6 hxg6 18. Qg4 Kf7 19. Nd3 b6 20. Rfe1 Nh6 21. Qf3 f5 22. h3 Rh8 23. Be3 Nb4 24. Nxb4 Bxb4 25. Re2 Rhc8 26. Rec2 Rxc2 27. Rxc2 Rc8 28. Qd1 Ng8 29. a3 Bf8 30. Qc1 Rxc2 31. Qxc2 Ne7 32. Nd2 Qb5 33. Nf3 Qd7 34. Ng5+ Kg8 35. Qf2 Qa4 36. Qh4 Qd1+ 37. Kh2 Qh5 38. Qxh5 gxh5 39. Nxe6 Kf7 40. Nc7 a5 41. Nb5 Nc6 42. Kg3 g6 43. Kf3 Be7 44. g4 Bd8 45. Nd6+ Ke6 46. gxf5+ gxf5 47. Nb5 Kd7 48. Bf2 Nb8 49. Ke2 Nc6 50. Kd3 Nb8 51. Kc2 Nc6 52. Nc3 Ke6 53. Nb5 Kd7 54. Kb3 Nb8 55. Ka4 Nc6 56. Nd6 Ke6 57. Kb5 Nb8 58. Nc8 Nd7 1/2-1/2

[Event "CYCC U12"]
[Site "Ottawa CAN"]
[Date "2007.07.04"]
[Round "3"]
[White "Dragan, Cristian"]
[Black "Tan, Guang Tong"]
[Result "0-1"]
[WhiteElo "1708"]
[BlackElo "1392"]
[PlyCount "64"]
[GameId "2160767910650862"]
[EventDate "2007.07.03"]
[EventType "swiss"]
[EventRounds "7"]
[EventCountry "CAN"]
[SourceTitle "EXT 2022"]
[Source "ChessBase"]
[SourceDate "2021.10.06"]
[SourceVersion "1"]
[SourceVersionDate "2021.10.06"]
[SourceQuality "1"]

1. e4 e5 2. Nf3 Nc6 3. Bb5 a6 4. Bxc6 dxc6 5. O-O Bd6 6. Re1 Bg4 7. h3 Bh5 8. c3 Qf6 9. Re3 Ne7 10. d4 O-O 11. Nbd2 Qe6 12. Qb3 Qxb3 13. Nxb3 Bxf3 14. Rxf3 b6 15. Bg5 f6 16. Be3 Ng6 17. g3 Rfe8 18. Nd2 exd4 19. Bxd4 c5 20. Be3 Ne5 21. Rf5 Kf7 22. Rh5 Rh8 23. f4 Nd3 24. b3 c6 25. Nc4 Bc7 26. Rd1 Rad8 27. f5 b5 28. Nd2 Bxg3 29. Nf1 Be5 30. c4 h6 31. Rh4 Nb4 32. a3 Rxd1 0-1